000 00863cam a2200253 a 4500
003 OSt
005 20240220111114.0
008
020 _a0273657917 (paperback)
040 _cNUST
_aNUST
_beng
_dNUST
_erda
050 0 0 _aHF5415 BRA
100 1 _aBrassington, Frances.
_eAuthor
245 1 0 _aPrinciples of marketing /
_cFrances Brassington [and] Stephen Pettitt.
250 _aThird edition
260 _aHarlow :
_bPrentice Hall,
_c©2003.
300 _axxiv, 1136 pages :
_bcolour illustrations ;
_c27 cm.
336 _2rdacontent
_atext
_btxt
337 _2rdamedia
_aunmediated
_bn
338 _2rdacarrier
_avolume
_bnc
504 _aIncludes bibliographical references and index.
650 0 _aMarketing.
700 1 _aPettitt, Stephen.
_eAuthor
942 _cBOOKS
_2lcc
_eThird edition
_hHF5415
_kHF
_mBRA
_n0
999 _c141252
_d141252